000
00323nam a2200133Ia 4500
008
240624s9999 xx 000 0 und d
041
_a
eng
082
_a
332.632 ICF
100
_a
ICFAI
245
_a
SECURITY ANALYSIS TEXTBOOK
260
_c
2005
_a
Hyderabad
_b
ICFAI press
300
_a
764 : p. : cm. ; 27
365
_c
RS
_b
30
999
_c
9440
_d
9440